Дефекты кристаллического строения металлов: учебное пособие

Bibliografiske detaljer
Hovedforfatter: Новиков И. И. Илья Изриэлович
Sprog:russisk
Udgivet: Москва, Металлургия, 1983
Udgivelse:3-е изд., пераб. и доп.
Fag:
Format: Bog
KOHA link:https://koha.lib.tpu.ru/cgi-bin/koha/opac-detail.pl?biblionumber=72690

MARC

LEADER 00000nam0a2200000 4500
001 72690
005 20231031083750.0
035 |a (RuTPU)RU\TPU\book\77517 
090 |a 72690 
100 |a 20050128d1983 m y0rusy50 ca 
101 0 |a rus 
102 |a RU 
105 |a a j 001zy 
200 1 |a Дефекты кристаллического строения металлов  |e учебное пособие  |f И. И. Новиков 
205 |a 3-е изд., пераб. и доп. 
210 |a Москва  |c Металлургия  |d 1983 
215 |a 232 с.  |c ил. 
320 |a Библиогр.: с. 231-232 
610 1 |a металлы 
610 1 |a физика 
610 1 |a кристаллические решетки 
610 1 |a дефекты 
610 1 |a дислокация 
610 1 |a типы 
610 1 |a свойства 
610 1 |a образование 
610 1 |a торможение 
610 1 |a учебные пособия 
675 |a 669:54(075.8)  |v 3 
700 1 |a Новиков  |b И. И.  |g Илья Изриэлович 
801 1 |a RU  |b 63413507  |c 20050128  |g PSBO 
801 2 |a RU  |b 63413507  |c 20160125  |g PSBO 
942 |c BK